000 00551nam a22001811a 4500
001 18318
003 OSt
005 20260204212400.0
008 170825s2008||||-us||||||b||||||||||eng||
020 _a9780073291772
082 _a428 F734e
245 _aExcellent english 2:language skills for success/Jan Forstron, Mari Vargo, Marta Pitt, Shirley Velasco
264 _aEstados Unidos:McGraw-Hill
300 _a222 p.
650 _aInglés 2.Lengua inglesa-Eseñanza
700 _aI.Vargo,Mari II.Pitt,Marta III.Velasco,ShirleyÌ
942 _2ddc
_cBK
999 _c18318
_d18318